000 00788nam a2200265Ia 4500
003 OSt
005 20221005060228.0
006 a|||||r|||| 00| 0
007 ta
008 221004b |||||||| |||| 00| 0 eng d
020 _a9781138912557 (pbk)
_c2542.07
024 _a25352
037 _b101, 23/02/2016, Better Book Service
_cTextual
040 _aCRL
_cCRL
_beng
041 _2eng
_aeng
082 _aP:795, P1;Q6
100 _aMunday Jeremy
245 0 _aIntroducing translation studies
_b Theories and application
250 _a4th
260 _aLondon
_bRoutedge UK
_c2016
300 _axvii, 376p.
_ccm.
650 _aLINGUISTICS
942 _hP:795, P1;Q6
_cTEXL
_2cc
999 _c966378
_d966378